Introduction to mass communication : (Record no. 2650)

MARC details
000 -LEADER
fixed length control field 00719nam a22002177a 4500
003 - CONTROL NUMBER IDENTIFIER
control field OSt
005 - DATE AND TIME OF LATEST TRANSACTION
control field 20260508160641.0
008 - FIXED-LENGTH DATA ELEMENTS--GENERAL INFORMATION
fixed length control field 230713s2024 iau ob 001 0 eng
020 ## - INTERNATIONAL STANDARD BOOK NUMBER
International Standard Book Number 9781266873492
Qualifying information (hardcover)
040 ## - CATALOGING SOURCE
Transcribing agency MIU
Modifying agency MILA_ain
-- MILA_ain
050 ## - LIBRARY OF CONGRESS CALL NUMBER
Classification number P30
Item number .B2848 2024
100 ## - MAIN ENTRY--PERSONAL NAME
Personal name Baran, Stanley J.
9 (RLIN) 2463
245 ## - TITLE STATEMENT
Title Introduction to mass communication :
Remainder of title media literacy and culture /
Statement of responsibility, etc. Stanley J. Baran
260 ## - PUBLICATION, DISTRIBUTION, ETC.
Place of publication, distribution, etc. New York:
Name of publisher, distributor, etc. McGraw-Hill Education,
Date of publication, distribution, etc. 2024.
300 ## - PHYSICAL DESCRIPTION
Extent xxv, 396 p. :
Other physical details col. ill. ;
Dimensions 28 cm.
504 ## - BIBLIOGRAPHY, ETC. NOTE
Bibliography, etc. note Includes bibliographical reference and index.
650 ## - SUBJECT ADDED ENTRY--TOPICAL TERM
Topical term or geographic name entry element Mass media
9 (RLIN) 2464
650 ## - SUBJECT ADDED ENTRY--TOPICAL TERM
Topical term or geographic name entry element Mass media and culture
9 (RLIN) 2465
650 ## - SUBJECT ADDED ENTRY--TOPICAL TERM
Topical term or geographic name entry element Media literacy
9 (RLIN) 2466
942 ## - ADDED ENTRY ELEMENTS (KOHA)
Source of classification or shelving scheme Library of Congress Classification
Koha item type Book
Holdings
Withdrawn status Lost status Source of classification or shelving scheme Damaged status Not for loan Home library Current library Shelving location Date acquired Source of acquisition Cost, normal purchase price Total Checkouts Full call number Barcode Date due Date last seen Date last checked out Cost, replacement price Price effective from Koha item type
    Library of Congress Classification     MILA University Central Library MILA University Central Library General Stacks 11/05/2026 Emo Book Services Sdn Bhd 331.50 1 P30 .B2848 2024 0003611 22/07/2026 22/06/2026 22/06/2026 331.50 11/05/2026 Book
   
  Powered by CD Solutions Sdn Bhd